=LDR 00000nam 2200000 4500 =001 INLIS000000000023539 =005 20130612122209 =008 ***********************************Ind** =035 ##$$0010-061300000023539 =041 ##$$a Ind =082 ##$$a 551.21 =090 ##$$a 551.21, Tri g =100 ##$$a Trijoto =245 ##$$a Gunung merapi antara legenda,mitos dan penaggulangan bencana, Trijoto =260 ##$$a 1996 $b Yogyakarta =300 ##$$a xii, 85 hlm, ilus, 21 cm =650 ##$$a Gunung merapi =850 ##$$a NBPNMAT